I-less N.American & S.American countries - Statistics

General Stats
  • This quiz has been taken 39 times
  • The average score is 14 of 15
Answer Stats
Answer % Correct
Canada
100%
Bahamas
97%
Guatemala
97%
Guyana
97%
Barbados
94%
Grenada
94%
Panama
94%
Peru
94%
Venezuela
94%
El Salvador
91%
Honduras
91%
Cuba
89%
Ecuador
89%
Paraguay
89%
Uruguay
89%
No matching quizzes found
Score Distribution
Percent of People with Each Score
Percentile by Number Answered
Your Score History
You have not taken this quiz